[Event "12. OSIJEK OPEN "]
[Site "Osijek"]
[Date "2019.02.21"]
[Round "1.1"]
[White "Ivekovic, Bozidar"]
[Black "Cvijanovic, Srecko"]
[Result "1-0"]
[WhiteElo "2398"]
[BlackElo "1835"]
[PlyCount "75"]
[EventDate "2019.02.21"]

1. d4 e6 2. c4 f5 3. g3 Nf6 4. Bg2 c6 5. Nh3 d5 6. O-O Bd6 7. Qc2 O-O 8. Bf4
Be7 9. Nc3 Nh5 10. Rad1 Nd7 11. Bc1 Qe8 12. b3 Bd6 13. f3 dxc4 14. bxc4 e5 15.
e3 Ndf6 16. Nf2 g6 17. Rfe1 Bd7 18. c5 Bc7 19. Qb3+ Kh8 20. Qxb7 Ba5 21. Bd2
Rg8 22. Nd3 Bxc3 23. Bxc3 Nd5 24. Ba1 Rb8 25. Qa6 e4 26. Ne5 Nhf6 27. fxe4 fxe4
28. Rd2 Ng4 29. Bxe4 Rf8 30. Rde2 Qe6 31. Bg2 Kg8 32. e4 Ndf6 33. Nxd7 Qxd7 34.
Qc4+ Kg7 35. d5 Kh6 36. dxc6 Qe7 37. e5 Nh5 38. Qxg4 1-0

[Event "12. OSIJEK OPEN"]
[Site "Osijek"]
[Date "2019.02.21"]
[Round "1.2"]
[White "Mikic, Ivana"]
[Black "Trbojevic, Mladen"]
[Result "0-1"]
[WhiteElo "1812"]
[BlackElo "2354"]
[PlyCount "72"]
[EventDate "2019.02.21"]

1. e4 e5 2. Nf3 Nc6 3. Bb5 a6 4. Ba4 Nge7 5. O-O g6 6. c3 Bg7 7. d3 O-O 8. Bc2
d5 9. Nbd2 h6 10. exd5 Nxd5 11. Re1 Bf5 12. Nc4 Re8 13. Ne3 Nxe3 14. Bxe3 Qd7
15. Qd2 Kh7 16. Rad1 Bg4 17. Qe2 Nd4 18. cxd4 exd4 19. Rd2 dxe3 20. fxe3 Bxb2
21. Ba4 Qxa4 22. Rxb2 b6 23. Qf2 Qa3 24. Ne5 Bf5 25. d4 Re7 26. e4 Be6 27. Re3
Qd6 28. Rg3 Rd8 29. Rd2 c5 30. Qf6 Bc8 31. Qxd6 Rxd6 32. Nc4 Rxd4 33. Rxd4 cxd4
34. Nxb6 Bb7 35. Rd3 Rxe4 36. Nd7 Re2 0-1

[Event "12. OSIJEK OPEN"]
[Site "Osijek"]
[Date "2019.02.21"]
[Round "1.3"]
[White "Marjanovic, Annamaria"]
[Black "Matanovic, Pavo"]
[Result "1/2-1/2"]
[WhiteElo "2320"]
[BlackElo "1809"]
[PlyCount "84"]
[EventDate "2019.02.21"]

1. c4 e6 2. g3 d5 3. Bg2 Nf6 4. Nf3 Be7 5. O-O O-O 6. b3 c5 7. cxd5 exd5 8. d4
Re8 9. Bb2 Nc6 10. Nc3 Bg4 11. dxc5 Bxc5 12. h3 Bh5 13. g4 Bg6 14. Nh4 d4 15.
Na4 d3 16. exd3 Bd4 17. Nxg6 hxg6 18. Qd2 Qd6 19. Rfe1 Nd5 20. Re4 Rxe4 21.
dxe4 Nf4 22. Rd1 Rd8 23. Bxd4 Nxd4 24. Kh1 Qf6 25. Qc3 Kh7 26. Bf1 Qe5 27. Re1
f5 28. Qg3 fxg4 29. Qxg4 Rf8 30. Re3 Nh5 31. Qg2 Nc2 32. Re2 Nd4 33. Re3 Nc2
34. Re2 Nd4 35. Re1 Nf3 36. Re3 Nh4 37. Qg1 Qf4 38. Nc3 Nf3 39. Qg2 Nh4 40. Qg1
Nf3 41. Qg2 Nh4 42. Qg1 Nf3 1/2-1/2

[Event "12. OSIJEK OPEN"]
[Site "Osijek"]
[Date "2019.02.21"]
[Round "1.4"]
[White "Kovac, Petar"]
[Black "Stocko, Josip"]
[Result "0-1"]
[WhiteElo "1795"]
[BlackElo "2294"]
[PlyCount "54"]
[EventDate "2019.02.21"]

1. d4 Nf6 2. c4 e6 3. Nf3 Bb4+ 4. Bd2 Qe7 5. g3 Bxd2+ 6. Qxd2 Nc6 7. Nc3 d5 8.
Bg2 dxc4 9. O-O O-O 10. Rfd1 Rd8 11. e4 Rb8 12. Qf4 b5 13. d5 e5 14. Qh4 Nb4
15. Qg5 Bg4 16. h3 Bxf3 17. Bxf3 Nc2 18. Rac1 Nd4 19. Qe3 Qb4 20. Rd2 c5 21.
Bg2 Qa5 22. f4 Nd7 23. Ne2 Qxa2 24. b4 Qb3 25. Rc3 Qxb4 26. fxe5 Nxe2+ 27. Rxe2
Nxe5 0-1

[Event "12. OSIJEK OPEN"]
[Site "Osijek"]
[Date "2019.02.21"]
[Round "1.5"]
[White "Matanovic, Luka"]
[Black "Ljubicic, Ninoslav"]
[Result "1-0"]
[WhiteElo "2264"]
[BlackElo "1763"]
[PlyCount "75"]
[EventDate "2019.02.21"]

1. e4 g6 2. d4 Bg7 3. Nf3 e6 4. Bd3 Ne7 5. Bg5 d6 6. Qd2 h6 7. Be3 a6 8. O-O
Nd7 9. a4 e5 10. dxe5 Nxe5 11. Nxe5 Bxe5 12. Nc3 Be6 13. f4 Bg7 14. f5 gxf5 15.
exf5 Nxf5 16. Bxf5 Qd7 17. Bd4 Bxd4+ 18. Qxd4 O-O-O 19. Qa7 c6 20. Bxe6 fxe6
21. Ne4 Kc7 22. a5 Qg7 23. Ra3 c5 24. Nf6 Rhf8 25. Rb3 Rb8 26. Qb6+ Kc8 27.
Rbf3 Qc7 28. Qxc7+ Kxc7 29. Nd5+ exd5 30. Rxf8 Rxf8 31. Rxf8 d4 32. g4 Kc6 33.
h4 c4 34. g5 hxg5 35. hxg5 b5 36. axb6 a5 37. g6 c3 38. bxc3 1-0

[Event "12. OSIJEK OPEN "]
[Site "Osijek"]
[Date "2019.02.21"]
[Round "1.6"]
[White "Maroslavac, Ivana"]
[Black "Jusup, Matej"]
[Result "0-1"]
[WhiteElo "1753"]
[BlackElo "2236"]
[PlyCount "108"]
[EventDate "2019.02.21"]

1. e4 e5 2. Nf3 Nf6 3. Nxe5 d6 4. Nf3 Nxe4 5. d4 d5 6. Bd3 Nc6 7. h3 Be7 8. O-O
O-O 9. Nbd2 Nxd2 10. Bxd2 Nb4 11. Bxb4 Bxb4 12. c3 Bd6 13. Qc2 g6 14. Rfe1 Qf6
15. Qe2 Be6 16. Ne5 Rae8 17. Ng4 Qg5 18. Qf3 Re7 19. Re2 Kg7 20. Rae1 Rfe8 21.
Ne5 f6 22. Ng4 h5 23. Ne3 Bf7 24. Nf1 Rxe2 25. Rxe2 Rxe2 26. Qxe2 h4 27. Qe3
Bf4 28. Qe2 b6 29. b3 f5 30. Nh2 Bd6 31. Nf3 Qc1+ 32. Qe1 Qxe1+ 33. Nxe1 Ba3
34. Nf3 Bb2 35. c4 Kf6 36. cxd5 Bxd5 37. Nxh4 Bxd4 38. g3 a5 39. Ng2 a4 40. Bc2
c5 41. Nf4 Bf7 42. Ne2 Bb2 43. Kf1 a3 44. Ke1 c4 45. bxc4 Bxc4 46. Bb1 b5 47.
Kd2 b4 48. Nc1 Bxc1+ 49. Kxc1 g5 50. Kc2 f4 51. gxf4 gxf4 52. Kc1 Kg5 53. Kc2
Kh4 54. Kc1 Kxh3 0-1

[Event "12. OSIJEK OPEN "]
[Site "Osijek"]
[Date "2019.02.21"]
[Round "1.7"]
[White "Ljikar, Zoran"]
[Black "Lovrinic, Vlatko"]
[Result "1-0"]
[WhiteElo "2205"]
[BlackElo "1743"]
[PlyCount "85"]
[EventDate "2019.02.21"]

1. e4 e5 2. Bc4 Nf6 3. d3 Nc6 4. Nf3 Be7 5. O-O O-O 6. Re1 d6 7. c3 Bg4 8. h3
Bh5 9. Nbd2 Na5 10. Bb5 a6 11. Ba4 b5 12. Bc2 c5 13. Nf1 h6 14. Ng3 Bg6 15. Nh4
Bh7 16. Nhf5 Re8 17. Qf3 Bf8 18. Be3 Nc6 19. Rad1 Qc7 20. Nxh6+ gxh6 21. Qxf6
Re6 22. Qf3 Bg7 23. Bb3 Rf6 24. Qg4 Bg6 25. Qh4 Qe7 26. Bxh6 Bxh6 27. Qxh6 Bh7
28. Qg5+ Rg6 29. Qxe7 Nxe7 30. d4 c4 31. Bc2 Nc6 32. dxe5 Nxe5 33. Rd5 Kf8 34.
Red1 Ke7 35. Nf5+ Kd7 36. Nxd6 Kc7 37. Nf5 f6 38. f4 Bg8 39. Rd6 Nd3 40. Bxd3
cxd3 41. R1xd3 Bxa2 42. Ne7 Rh6 43. Rc6+ 1-0

[Event "12. OSIJEK OPEN"]
[Site "Osijek"]
[Date "2019.02.21"]
[Round "1.8"]
[White "Biljcevic, Miodrag"]
[Black "Sasvari, Zelimir"]
[Result "0-1"]
[WhiteElo "1741"]
[BlackElo "2198"]
[PlyCount "49"]
[EventDate "2019.02.21"]

1. d4 c5 2. e3 e6 3. Nf3 b6 4. Bd3 Bb7 5. b3 cxd4 6. exd4 Nf6 7. Nbd2 a6 8. Bb2
Nc6 9. O-O Nb4 10. Be2 Rc8 11. c4 a5 12. a3 Na6 13. Bd3 Bd6 14. Ne5 Bb8 15. h3
d6 16. Ng4 Nc7 17. Nxf6+ gxf6 18. Be4 d5 19. cxd5 Nxd5 20. Rc1 Rxc1 21. Qxc1 f5
22. Bd3 Nf4 23. Bb5+ Kf8 24. f3 Rg8 25. Nc4 0-1

[Event "12. OSIJEK OPEN "]
[Site "Osijek"]
[Date "2019.02.21"]
[Round "1.9"]
[White "Lalic, Kristijan"]
[Black "Dragicevic, Ivica"]
[Result "1-0"]
[WhiteElo "2196"]
[BlackElo "1730"]
[PlyCount "129"]
[EventDate "2019.02.21"]

1. e4 e5 2. Nf3 Nc6 3. d4 exd4 4. Nxd4 d6 5. Nc3 Nf6 6. Be2 Be7 7. O-O O-O 8.
Be3 Bd7 9. f4 Qc8 10. f5 Nxd4 11. Qxd4 Bc6 12. Rad1 Qd8 13. Rf3 Ng4 14. Bf4 Bf6
15. Qd2 Qe7 16. Rg3 Ne5 17. Rf1 Kh8 18. b4 b6 19. Ba6 Rad8 20. Nd5 Bxd5 21.
exd5 Rg8 22. Bb5 a5 23. bxa5 bxa5 24. Ra3 Ra8 25. Rxa5 Rxa5 26. Qxa5 Ng4 27.
Qd2 Qe4 28. h3 Qd4+ 29. Qxd4 Bxd4+ 30. Kh1 Ne3 31. Bxe3 Bxe3 32. Re1 Bb6 33.
Re7 Rf8 34. Be8 Kg8 35. Re4 h6 36. g4 Kh7 37. Re7 Kg8 38. a4 Ba5 39. Kg2 Bb6
40. Kg3 Bc5 41. h4 Bb6 42. Re4 Ba5 43. Kf3 Bb6 44. Ke2 Ba5 45. Kd3 g5 46. h5
Kg7 47. Kc4 Kf6 48. Kb5 Bc3 49. Kc6 Ba5 50. Kd7 Bb6 51. Kc6 Ba5 52. Kb5 Bc3 53.
a5 Be5 54. Bc6 Rb8+ 55. Kc4 Rb2 56. a6 Ra2 57. Kb5 Rb2+ 58. Rb4 Ra2 59. Ra4
Rxa4 60. Kxa4 Bd4 61. Be8 Bb6 62. Kb5 Ke7 63. Bxf7 Kxf7 64. Kc6 Kf6 65. Kb7 1-0

[Event "12. OSIJEK OPEN "]
[Site "Osijek"]
[Date "2019.02.21"]
[Round "1.10"]
[White "Damjanovic, Stjepan"]
[Black "Horvat, David"]
[Result "0-1"]
[WhiteElo "1726"]
[BlackElo "2183"]
[PlyCount "72"]
[EventDate "2019.02.21"]

1. e4 c5 2. Nc3 Nc6 3. f4 g6 4. Nf3 Bg7 5. Bb5 Nd4 6. Bc4 e6 7. O-O Ne7 8. Nxd4
cxd4 9. Ne2 O-O 10. d3 d5 11. Bb3 a5 12. a3 a4 13. Ba2 dxe4 14. dxe4 Qb6 15.
Qd3 Bd7 16. Bc4 Rac8 17. b3 Qc5 18. Qf3 Bb5 19. Bd3 Bxd3 20. cxd3 axb3 21. Bb2
Qb6 22. Rac1 Rc2 23. Rb1 Nc6 24. e5 Rd8 25. Qe4 Bf8 26. Rfd1 Qa5 27. Kh1 Bxa3
28. Bxd4 Qa4 29. Ra1 b2 30. Bxb2 Qxe4 31. dxe4 Rxd1+ 32. Rxd1 Bxb2 33. Ng1 Rc1
34. Rxc1 Bxc1 35. g3 Nd4 36. Nh3 Be3 0-1

[Event "12. OSIJEK OPEN "]
[Site "Osijek"]
[Date "2019.02.21"]
[Round "1.11"]
[White "Grandic, Zvjezdan"]
[Black "Ivekovic, Zvjezdana"]
[Result "1-0"]
[WhiteElo "2168"]
[BlackElo "1715"]
[PlyCount "81"]
[EventDate "2019.02.21"]

1. e4 c6 2. d4 d5 3. exd5 cxd5 4. Bd3 Nc6 5. c3 Nf6 6. Nd2 Qc7 7. Ngf3 e5 8.
dxe5 Nxe5 9. Qe2 Bd6 10. Nxe5 O-O 11. f4 Re8 12. Ndf3 Ng4 13. h3 Nxe5 14. fxe5
Bxe5 15. Nxe5 Rxe5 16. Be3 Qe7 17. Kd2 Bd7 18. Qf2 b6 19. Rae1 Re8 20. Bf4 Re6
21. Rxe6 fxe6 22. Re1 Rf8 23. Qg3 Rc8 24. Bd6 Qf6 25. Rf1 Qh6+ 26. Bf4 Qh5 27.
Qg4 Qxg4 28. hxg4 Re8 29. Be5 Bc6 30. g5 Rd8 31. g6 hxg6 32. Bxg6 Be8 33. Bd3
Ra8 34. Rh1 a5 35. Bh7+ Kf7 36. Rf1+ Ke7 37. Bxg7 Kd6 38. g4 b5 39. g5 Ra7 40.
Bf8+ Kc6 41. g6 1-0

[Event "12. OSIJEK OPEN"]
[Site "Osijek"]
[Date "2019.02.21"]
[Round "1.12"]
[White "Cupic, Tvrtko"]
[Black "Tomasic, Roland"]
[Result "1-0"]
[WhiteElo "1714"]
[BlackElo "2157"]
[PlyCount "119"]
[EventDate "2019.02.21"]

1. e4 c5 2. Nf3 d6 3. d4 cxd4 4. Nxd4 Nf6 5. Nc3 e6 6. Be3 Nc6 7. Be2 Be7 8.
Qd2 O-O 9. O-O-O a6 10. g4 d5 11. exd5 Nxd5 12. Nxd5 Qxd5 13. Kb1 Nxd4 14. Bxd4
e5 15. Qe3 exd4 16. Qxe7 Be6 17. Qa3 Rac8 18. Bf3 Qc4 19. Rd2 Rc7 20. Be2 Qc6
21. Rhd1 Bd5 22. Bd3 b5 23. Bxh7+ Kxh7 24. Qxf8 Be4 25. Rc1 d3 26. Qb4 dxc2+
27. Ka1 Qg6 28. Qd6 Qxd6 29. Rxd6 a5 30. Rd4 Bf3 31. b3 g5 32. Kb2 a4 33. Rxc2
a3+ 34. Kb1 Re7 35. Kc1 Kg6 36. Kd2 Be4 37. Rc3 Bb1 38. Rc6+ Kh7 39. Ra6 Rc7
40. Rxa3 Rc2+ 41. Ke3 Bxa2 42. Rd2 Bb1 43. Rxc2 Bxc2 44. Ra5 Bxb3 45. Rxb5 Be6
46. Rxg5 f6 47. Rh5+ Kg6 48. h3 Kg7 49. f4 Bc4 50. Kd4 Be6 51. Kc5 Bf7 52. Rh4
Bg6 53. Kd6 Bd3 54. Ke7 Be2 55. Rh5 Bf1 56. g5 f5 57. Rh6 Bg2 58. h4 Bf3 59.
Ke6 Bg4 60. Rf6 1-0

[Event "12. OSIJEK OPEN"]
[Site "Osijek"]
[Date "2019.02.21"]
[Round "1.13"]
[White "Cajzler, Hinko"]
[Black "Ronta, Ivan"]
[Result "1-0"]
[WhiteElo "2142"]
[BlackElo "1711"]
[PlyCount "49"]
[EventDate "2019.02.21"]

1. e4 d5 2. exd5 Nf6 3. d4 Nxd5 4. c4 Nb6 5. Nc3 e5 6. d5 c6 7. Nf3 cxd5 8.
cxd5 Bd6 9. Bb5+ Bd7 10. O-O O-O 11. Re1 Bg4 12. Be2 N8d7 13. Bg5 f6 14. Be3
Rc8 15. Rc1 Qe8 16. Nd2 Bxe2 17. Qxe2 f5 18. Nb5 Rxc1 19. Rxc1 Qb8 20. Nc4 Be7
21. d6 Bd8 22. Bxb6 Bxb6 23. Nxb6 axb6 24. Rc7 Rc8 25. Qc4+ 1-0

[Event "12. OSIJEK OPEN"]
[Site "Osijek"]
[Date "2019.02.21"]
[Round "1.15"]
[White "Cubelic, Milan"]
[Black "Pralija, Marin"]
[Result "1-0"]
[WhiteElo "2092"]
[BlackElo "1693"]
[PlyCount "47"]
[EventDate "2019.02.21"]

1. e4 c6 2. d3 d6 3. g3 Nf6 4. Bg2 e5 5. Ne2 g6 6. O-O Bg7 7. h3 O-O 8. f4 Nbd7
9. Nbc3 b5 10. Kh2 Qc7 11. g4 Rb8 12. f5 b4 13. Nb1 d5 14. Ng3 h6 15. g5 hxg5
16. Bxg5 dxe4 17. dxe4 Nh7 18. Be3 Nhf6 19. Nd2 Ba6 20. Rf2 c5 21. a3 Qd6 22.
b3 Rfe8 23. axb4 Rxb4 24. Ra5 {dalje nečitko i nejasno pisano.} 1-0

[Event "12. OSIJEK OPEN "]
[Site "Osijek"]
[Date "2019.02.21"]
[Round "1.16"]
[White "Colev, Ivor"]
[Black "Kovacevic, Srecko"]
[Result "0-1"]
[WhiteElo "1685"]
[BlackElo "2087"]
[PlyCount "68"]
[EventDate "2019.02.21"]

1. e4 c6 2. d4 d5 3. e5 Bf5 4. Nf3 e6 5. Be2 c5 6. O-O Nc6 7. Bf4 Qb6 8. b3
cxd4 9. a4 Bc5 10. Bb5 Nge7 11. b4 Bxb4 12. Nxd4 O-O 13. c3 Nxd4 14. cxd4 Rac8
15. Na3 Bc3 16. Ra2 Qxd4 17. Qxd4 Bxd4 18. Rd1 Bb6 19. h3 Rc7 20. g4 Be4 21.
Kf1 Rfc8 22. Bd2 a6 23. Be2 Nc6 24. f3 Bg6 25. f4 Nd4 26. Be3 Nxe2 27. Bxb6 Rc6
28. Kxe2 Rxb6 29. Kd2 Rb4 30. Nc2 Rxc2+ 31. Rxc2 Bxc2 32. Kxc2 Rxa4 33. f5 Kf8
34. Kb3 Rc4 0-1

[Event "12. OSIJEK OPEN "]
[Site "Osijek"]
[Date "2019.02.21"]
[Round "1.17"]
[White "Nikic, Patrick"]
[Black "Raguz, Ivanka"]
[Result "1-0"]
[WhiteElo "2072"]
[BlackElo "1669"]
[PlyCount "101"]
[EventDate "2019.02.21"]

1. e4 e5 2. Nf3 Nc6 3. Bb5 a6 4. Ba4 Nf6 5. O-O Be7 6. Re1 b5 7. Bb3 O-O 8. c3
d6 9. h3 Nb8 10. d4 Nbd7 11. a4 Bb7 12. Bc2 c5 13. Nbd2 Qc7 14. Nf1 cxd4 15.
cxd4 Rfc8 16. Bd3 b4 17. Qb3 a5 18. Ng5 d5 19. Ng3 g6 20. exd5 Bxd5 21. Qd1 Bd6
22. N3e4 exd4 23. Nxf6+ Nxf6 24. Nf3 Qb7 25. Bg5 Nh5 26. Be2 Nf4 27. Qxd4 Nxe2+
28. Rxe2 Bxf3 29. gxf3 Qxf3 30. Bh6 f6 31. Re3 Bh2+ 32. Kxh2 Qxf2+ 33. Kh1 Qf5
34. Qe4 Qxe4+ 35. Rxe4 Kf7 36. Rae1 Ra7 37. Be3 Ra6 38. Bd4 g5 39. h4 h6 40. h5
Rac6 41. Re7+ Kg8 42. Kg2 Rc2+ 43. Kf3 Rh2 44. Kg4 Rh4+ 45. Kf5 Rxd4 46. Kg6
Rf8 47. Rg7+ Kh8 48. Rh7+ Kg8 49. Ree7 Rfd8 50. Reg7+ Kf8 51. Rh8# 1-0

[Event "12. OSIJEK OPEN "]
[Site "Osijek"]
[Date "2019.02.21"]
[Round "1.18"]
[White "Gnjajic, Blagoja"]
[Black "Horvat, Damjan"]
[Result "0-1"]
[WhiteElo "1663"]
[BlackElo "2049"]
[PlyCount "94"]
[EventDate "2019.02.21"]

1. e4 e5 2. b3 Nf6 3. d3 d5 4. exd5 Nxd5 5. Bb2 Nc6 6. g3 Bc5 7. Bg2 O-O 8. Ne2
Bg4 9. c4 Ndb4 10. O-O Nxd3 11. Qc2 Ncb4 12. Qd2 Nxb2 13. Qxb2 Bxe2 14. Qxe2
Bd4 15. a3 Bxa1 16. axb4 c6 17. Qa2 Bd4 18. c5 Qc7 19. Qc2 a5 20. Nd2 axb4 21.
Nc4 h6 22. Nd6 Ra1 23. Rxa1 Bxa1 24. h4 b6 25. Nf5 Bd4 26. cxb6 Bxb6 27. Qe4
Kh8 28. Qg4 g6 29. Qxb4 Qd8 30. Nxh6 Kg7 31. Ng4 Qd1+ 32. Kh2 Qd4 33. Qa4 f5
34. Ne3 Qxa4 35. bxa4 Bxe3 36. fxe3 e4 37. g4 Ra8 38. gxf5 gxf5 39. Kg3 Kf6 40.
Kf4 Rxa4 41. h5 Ra2 42. Bh3 Rf2+ 43. Kg3 Rf3+ 44. Kh4 Rxh3+ 45. Kxh3 Kg5 46.
Kg3 c5 47. Kf2 Kxh5 0-1

[Event "12. OSIJEK OPEN"]
[Site "Osijek"]
[Date "2019.02.21"]
[Round "1.19"]
[White "Marjanoviy, Gyorgy"]
[Black "Pecči, Franjo"]
[Result "1/2-1/2"]
[WhiteElo "2034"]
[BlackElo "1662"]
[PlyCount "112"]
[EventDate "2019.02.21"]

1. e4 g6 2. d4 Bg7 3. Be3 e6 4. Bd3 Ne7 5. f4 d5 6. e5 b6 7. c3 O-O 8. Nf3 Ba6
9. Bxa6 Nxa6 10. Nbd2 c5 11. O-O c4 12. g4 b5 13. Qe1 b4 14. Nh4 bxc3 15. bxc3
f5 16. exf6 Bxf6 17. f5 exf5 18. Bh6 Rf7 19. Ndf3 Qd7 20. Ne5 Bxe5 21. dxe5 Qe6
22. gxf5 Nxf5 23. Nxf5 Rxf5 24. Rxf5 Qxf5 25. Qe3 Nc7 26. Rf1 Qg4+ 27. Kh1 Ne6
28. h3 Qe4+ 29. Qxe4 dxe4 30. Rf6 Re8 31. Kg2 Ng7 32. Rc6 Rxe5 33. Rxc4 Nf5 34.
Bf4 Re7 35. Kf2 h6 36. Bb8 Kf7 37. Ra4 Kf6 38. Rxa7 Rxa7 39. Bxa7 Ke5 40. c4 g5
41. a4 Kd6 42. a5 Kc6 43. Be3 Nd6 44. c5 Nf5 45. a6 Ne7 46. Bd4 Nd5 47. a7 Kb7
48. c6+ Ka8 49. Bc5 h5 50. Kg3 Nc7 51. Bd6 Nb5 52. Bb8 Nxa7 53. Bf4 gxf4+ 54.
Kxf4 Nxc6 55. Kxe4 Kb8 56. Kf4 Kc8 1/2-1/2

[Event "12. OSIJEK OPEN "]
[Site "Osijek"]
[Date "2019.02.21"]
[Round "1.20"]
[White "Mandaric, Fran"]
[Black "Gavran, Marinko"]
[Result "0-1"]
[WhiteElo "1653"]
[BlackElo "2030"]
[PlyCount "63"]
[EventDate "2019.02.21"]

1. e4 d5 2. exd5 Nf6 3. d4 Nxd5 4. c4 Nb6 5. Be3 e5 6. Nc3 exd4 7. Bxd4 Nc6 8.
Bxb6 Qxd1+ 9. Rxd1 axb6 10. a3 Bd7 11. Nf3 O-O-O 12. Be2 f6 13. O-O Bd6 14. Nb5
Bf4 15. Nbd4 Rhe8 16. Nxc6 Bxc6 17. Nd4 Be4 18. Bf3 Bxf3 19. Nxf3 Re2 20. Rxd8+
Kxd8 21. Nd4 Re4 22. Rd1 Ke8 23. h3 Be5 24. Nf3 Ke7 25. Nxe5 fxe5 26. Kf1 Rd4
27. Re1 Kd6 28. Ke2 Re4+ 29. Kd2 Rxe1 30. Kxe1 Kc5 31. f3 Kxc4 32. Kd2 {
dalje je nejasan zapis.} 0-1

[Event "12. OSIJEK OPEN "]
[Site "Osijek"]
[Date "2019.02.21"]
[Round "1.21"]
[White "Mandic, Bojan"]
[Black "Bevanda, Ema"]
[Result "1/2-1/2"]
[WhiteElo "2003"]
[BlackElo "1634"]
[PlyCount "76"]
[EventDate "2019.02.21"]

1. d4 d5 2. Nf3 e6 3. g3 Nf6 4. Bg2 c5 5. c3 Nc6 6. O-O Be7 7. Nbd2 O-O 8. Nb3
cxd4 9. cxd4 Bd7 10. Bg5 h6 11. Bxf6 Bxf6 12. Nc5 b6 13. Nxd7 Qxd7 14. Qa4 Rfd8
15. Qd1 Rac8 16. Rc1 Nxd4 17. Nxd4 Rxc1 18. Qxc1 Bxd4 19. Qd2 Bf6 20. e3 Qb5
21. b3 Rc8 22. Rc1 Rxc1+ 23. Qxc1 Qc5 24. Qxc5 bxc5 25. Kf1 Kf8 26. Ke2 Ke7 27.
Kd3 Kd6 28. e4 d4 29. f4 e5 30. f5 Bg5 31. h4 Be3 32. h5 Bf2 33. g4 Be1 34. g5
f6 35. g6 Kc6 36. Kc4 Bb4 37. a4 a6 38. Bf1 a5 1/2-1/2

[Event "12. OSIJEK OPEN"]
[Site "Osijek"]
[Date "2019.02.21"]
[Round "1.22"]
[White "Baturina, Marin"]
[Black "Grguric, Damir"]
[Result "0-1"]
[WhiteElo "1623"]
[BlackElo "1991"]
[PlyCount "118"]
[EventDate "2019.02.21"]

1. d4 Nf6 2. c4 c5 3. d5 b5 4. cxb5 a6 5. bxa6 Bxa6 6. Nc3 g6 7. Nf3 Bg7 8. e4
Bxf1 9. Kxf1 d6 10. g3 O-O 11. Kg2 Na6 12. Qe2 Nd7 13. Nb5 Qb6 14. a4 Rfb8 15.
Bg5 Kf8 16. Ra2 Nc7 17. Nxc7 Qxc7 18. Qd2 Rb4 19. Qc2 Qb7 20. Rb1 Qa6 21. b3
Nf6 22. Nd2 Qe2 23. Bxf6 Bxf6 24. Qc1 Bg5 25. Qf1 Qxf1+ 26. Kxf1 Bxd2 27. Rxd2
Raxa4 28. Rdb2 Ra3 29. f3 Kg7 30. Ke2 Ra8 31. Kd3 Rab8 32. Kc2 Kf6 33. Kc3 Ke5
34. Ra1 R8b7 35. Ra4 f5 36. Rxb4 Rxb4 37. exf5 Kxf5 38. Re2 Kf6 39. Rd2 Rb7 40.
Re2 Rb4 41. Rd2 Rb7 42. f4 Rb4 43. Rd1 Kf5 44. Re1 Re4 45. Rd1 Kg4 46. Rd2 h5
47. Rd3 Re2 48. h4 Rg2 49. b4 cxb4+ 50. Kxb4 Rxg3 51. Rd4 Re3 52. Kb5 Kxh4 53.
f5+ Kg5 54. fxg6 Kxg6 55. Kc6 Kg5 56. Kd7 h4 57. Rd1 h3 58. Rg1+ Kf4 59. Rg7 h2
0-1

[Event "12. OSIJEK OPEN "]
[Site "Osijek"]
[Date "2019.02.21"]
[Round "1.23"]
[White "Mravunac, Branko"]
[Black "Martinović, Josip"]
[Result "1-0"]
[WhiteElo "1983"]
[BlackElo "1623"]
[PlyCount "87"]
[EventDate "2019.02.21"]

1. e4 e6 2. d4 d5 3. Bd3 c5 4. exd5 exd5 5. Qe2+ Qe7 6. dxc5 Qxe2+ 7. Nxe2 Bxc5
8. Nbc3 Ne7 9. Bd2 O-O 10. Nf4 Be6 11. Nb5 Na6 12. a3 Bd7 13. b4 Bxb5 14. Bxb5
Nc7 15. Ba4 Bd4 16. c3 Be5 17. Nd3 Bd6 18. O-O b5 19. Bb3 Nc6 20. Rfe1 Rfe8 21.
Nf4 d4 22. c4 bxc4 23. Bxc4 Ne5 24. Bf1 Ng4 25. h3 Nf6 26. Bd3 Rad8 27. Rac1
Ne6 28. Ne2 Nd5 29. g3 Rc8 30. Rxc8 Rxc8 31. Bf5 Rc4 32. Nc1 Nec7 33. Bd3 Rc6
34. Nb3 Bf8 35. Nxd4 Rd6 36. Nf5 Rd8 37. Bf1 g6 38. Nh6+ Kg7 39. Ng4 Kg8 40.
Bg5 Rd6 41. Rc1 Ne6 42. Bf6 Nec7 43. Be5 Ne6 44. Rd1 1-0

[Event "12. OSIJEK OPEN "]
[Site "Osijek"]
[Date "2019.02.21"]
[Round "1.24"]
[White "Horvat, Denis"]
[Black "Oberman, Hotimir"]
[Result "0-1"]
[WhiteElo "1592"]
[BlackElo "1957"]
[PlyCount "96"]
[EventDate "2019.02.21"]

1. e4 e6 2. d4 b6 3. Nf3 Bb7 4. Nc3 Bb4 5. e5 h6 6. Be2 c5 7. O-O Bxc3 8. bxc3
Ne7 9. dxc5 bxc5 10. Qd6 Qa5 11. Be3 Qxc3 12. Bxc5 Nf5 13. Qc7 Nc6 14. Rfd1 Rd8
15. Bxa7 Ba8 16. Bd3 Nfe7 17. Bd4 Qa3 18. Be4 O-O 19. Bb6 Qc3 20. Rab1 Qc4 21.
Nd4 Qxa2 22. Nxc6 Nxc6 23. Ra1 Qc4 24. Bd3 Qg4 25. Bb5 Nxe5 26. Bf1 Qf5 27. Ra5
f6 28. Rxd7 Rxd7 29. Rxe5 Rxc7 30. Rxf5 Rxc2 31. Ra5 Rc1 32. f3 Bd5 33. Be3 Rb1
34. Kf2 Ra8 35. Rxa8+ Bxa8 36. h4 g5 37. hxg5 hxg5 38. g4 Bc6 39. f4 Rb2+ 40.
Kg3 Rb3 41. Kf2 gxf4 42. Bd4 Rf3+ 43. Ke2 e5 44. Bg2 exd4 45. Bxf3 Bxf3+ 46.
Kxf3 d3 47. Kf2 Kf7 48. Ke1 f3 0-1

[Event "12. OSIJEK OPEN"]
[Site "Osijek"]
[Date "2019.02.21"]
[Round "1.25"]
[White "Zorman, Antun"]
[Black "Jurić, Ester"]
[Result "0-1"]
[WhiteElo "1918"]
[BlackElo "1557"]
[PlyCount "69"]
[EventDate "2019.02.21"]

1. e4 c5 2. c3 Nf6 3. Bd3 g6 4. Bc2 Bg7 5. Nf3 O-O 6. O-O d6 7. h3 Nc6 8. d3 b6
9. Be3 Bb7 10. Nbd2 Qc7 11. Bf4 Rfd8 12. Qe2 Qd7 13. a3 Rac8 14. Rad1 e5 15.
Bg3 Nh5 16. Bb3 h6 17. Bh2 Qe7 18. g3 b5 19. Nh4 Kh7 20. Ng2 Rf8 21. g4 Nf6 22.
f4 exf4 23. Nxf4 Ne5 24. Bc2 Rfe8 25. Nf3 d5 26. Nxe5 Qxe5 27. Nxd5 Qxd5 28.
Rde1 Qe6 29. Qf2 Qc6 30. Qh4 g5 31. Qg3 Kg8 32. Rf5 c4 33. e5 cxd3 34. Bxd3
Rcd8 35. Re2 0-1

[Event "12. OSIJEK OPEN "]
[Site "Osijek"]
[Date "2019.02.21"]
[Round "1.26"]
[White "Marjanovic, Alex"]
[Black "Dubrovic, Mihovil"]
[Result "0-1"]
[WhiteElo "1538"]
[BlackElo "1911"]
[PlyCount "38"]
[EventDate "2019.02.21"]

1. e4 e5 2. Nf3 Nc6 3. d4 exd4 4. Nxd4 Bc5 5. Nxc6 Qf6 6. Qf3 Qxc6 7. c3 Nf6 8.
Bd3 Qe6 9. Bg5 Ng4 10. O-O Ne5 11. Qe2 d6 12. Bc2 Qg6 13. Bf4 Bg4 14. Qb5+ c6
15. Qxb7 O-O 16. Bxe5 dxe5 17. g3 Bh3 18. Rd1 Qf6 19. Rd2 Qf3 0-1

[Event "12. OSIJEK OPEN "]
[Site "Osijek"]
[Date "2019.02.21"]
[Round "1.27"]
[White "Skocibusic, Ivo"]
[Black "Matota, Dominik"]
[Result "1/2-1/2"]
[WhiteElo "1907"]
[BlackElo "1530"]
[PlyCount "69"]
[EventDate "2019.02.21"]

1. Nf3 c5 2. e4 Nc6 3. d3 e5 4. g3 Nf6 5. Bg2 Be7 6. O-O O-O 7. Nh4 d5 8. c3
Be6 9. Nd2 dxe4 10. dxe4 Qd3 11. Re1 Rad8 12. Bf1 Qd7 13. Qc2 g6 14. a4 Ng4 15.
Ng2 f5 16. f3 Nf6 17. f4 fxe4 18. Nxe4 Nxe4 19. Qxe4 Bf5 20. Bc4+ Kh8 21. Qe2
Bg4 22. Qe3 exf4 23. Nxf4 Bd6 24. Rf1 Rde8 25. Qd2 g5 26. Nd5 Rxf1+ 27. Bxf1
Ne5 28. Bg2 Qf5 29. Ne3 Nf3+ 30. Bxf3 Qxf3 31. Qxd6 Rxe3 32. Bxe3 Qxe3+ 33. Kg2
Qf3+ 34. Kg1 Qe3+ 35. Kg2 1/2-1/2

[Event "12. OSIJEK OPEN "]
[Site "Osijek"]
[Date "2019.02.21"]
[Round "1.28"]
[White "Sokcevic, Dario"]
[Black "Borzan, Andrej"]
[Result "0-1"]
[WhiteElo "1528"]
[BlackElo "1900"]
[PlyCount "103"]
[EventDate "2019.02.21"]

1. e4 d6 2. d4 Nf6 3. Nc3 g6 4. Be3 Bg7 5. f3 O-O 6. Qd2 Nbd7 7. Bh6 c5 8. Bxg7
Kxg7 9. d5 a6 10. a4 Qb6 11. Be2 Ne8 12. h4 h5 13. g4 Ndf6 14. b3 hxg4 15. h5
Rh8 16. fxg4 Bxg4 17. h6+ Kf8 18. Bxg4 Nxg4 19. Nf3 Nef6 20. O-O-O Qb4 21. h7
b5 22. Rdf1 bxa4 23. Nxa4 Qxd2+ 24. Nxd2 Rxh7 25. Rxh7 Nxh7 26. Nb6 Ra7 27.
Ndc4 Kg7 28. e5 Nxe5 29. Nxe5 dxe5 30. Kd2 Nf6 31. Ke3 Rb7 32. Na4 Nd7 33. Rd1
Kf6 34. Rf1+ Kg7 35. Rd1 c4 36. bxc4 Rb4 37. d6 exd6 38. Rxd6 Rxa4 39. Rxd7
Rxc4 40. Ra7 Rxc2 41. Rxa6 f5 42. Kf3 Rc3+ 43. Kg2 Kh6 44. Re6 Re3 45. Kf2 f4
46. Re8 Kg5 47. Re6 Kf5 48. Re7 Rb3 49. Rf7+ Ke6 50. Rg7 Kf6 51. Rg8 e4 52.
Rf8+ 0-1